Real Madrid Buteur - Statistiques

Statistiques générales
  • Ce quiz a été pris 1 389 fois
  • Le résultat moyen est 5 sur 25
Statistiques - réponses
Nb Buts Joueur Top % Correct
450 Cristiano Ronaldo 1
99%
322 Karim Benzema 3
99%
103 Ronaldo 18
95%
324 Raul 2
83%
106 Gareth Bale 17
19%
267 Alfredo Di Stefano 4
16%
101 Sergio Ramos 21
15%
199 Ferenc Puskas 6
7%
121 Gonzalo Higuain 14
7%
77 Guti 24
7%
195 Hugo Sanchez 7
7%
166 Emilio Butragueno 8
5%
252 Santillana 5
5%
126 Fernando Hierro 13
3%
100 Fernando Morientes 22
3%
159 Paco Gento 9
3%
127 Michel 12
2%
150 Pirri 10
2%
139 Amancio 11
1%
74 Hector Rial 25
1%
101 Ivan Zamorano 19
1%
109 Juanito 16
1%
101 Luis Molowny 20
1%
111 Pahino 15
1%
80 Sabino Barinaga 23
0%
Aucun quiz correspondant
Distribution des résultats
% des personnes avec chaque résultat
Percentile par nombre de réponses
Votre historique - résultats
Vous n’avez pas pris ce quiz